[Event "London Classic Open 2016"]
[Site "London ENG"]
[Date "2016.12.16"]
[Round "9.38"]
[White "Paterek, Michal"]
[Black "Peiris, T G M"]
[Result "1/2-1/2"]
[WhiteTitle "FM"]
[WhiteElo "2311"]
[BlackElo "2134"]
[WhiteFideId "1116142"]
[BlackFideId "9901310"]
[EventDate "2016.12.09"]

1. d4 Nf6 2. Nf3 g6 3. c4 Bg7 4. Nc3 d6 5. e4 O-O 6. Be2 e5 7. O-O Nc6 8. d5 Ne7
9. Bd2 Nh5 10. g3 f5 11. exf5 Bxf5 12. Ng5 Nf6 13. f4 exf4 14. Bxf4 Qd7 15. Bd3
Bg4 16. Be2 Bf5 17. Bd3 1/2-1/2

[Event "London Classic Open 2016"]
[Site "London ENG"]
[Date "2016.12.16"]
[Round "9.39"]
[White "Franklin, Samuel G A"]
[Black "Caglar, Sila"]
[Result "1-0"]
[WhiteTitle "FM"]
[BlackTitle "WFM"]
[WhiteElo "2310"]
[BlackElo "1938"]
[WhiteFideId "468576"]
[BlackFideId "6364063"]
[EventDate "2016.12.09"]

1. e4 c5 2. Nf3 d6 3. d4 cxd4 4. Nxd4 Nf6 5. Nc3 g6 6. Be3 Bg7 7. f3 a6 8. Qd2
Nbd7 9. g4 b5 10. h4 h5 11. g5 Nh7 12. f4 Nc5 13. Bg2 Bb7 14. f5 b4 15. Nd5 O-O
16. O-O-O a5 17. Rhf1 Rc8 18. Kb1 Re8 19. Qf2 Ba6 20. fxg6 fxg6 21. Qf7+ Kh8 22.
Nf4 Nf8 23. Nxg6+ Nxg6 24. Qxg6 Bxf1 25. Qxh5+ Kg8 26. g6 Bxg2 27. Qh7+ Kf8 28.
Bh6 1-0

[Event "London Classic Open 2016"]
[Site "London ENG"]
[Date "2016.12.16"]
[Round "9.40"]
[White "Chan, Kim Yew"]
[Black "Gomes, Mary Ann"]
[Result "0-1"]
[BlackTitle "WGM"]
[WhiteElo "2231"]
[BlackElo "2302"]
[WhiteFideId "5717981"]
[BlackFideId "5013623"]
[EventDate "2016.12.09"]

1. Nf3 g6 2. d4 Bg7 3. c4 d6 4. g3 Nd7 5. Bg2 e5 6. Nc3 Ne7 7. O-O O-O 8. e4
exd4 9. Nxd4 Nc6 10. Be3 Nde5 11. Nxc6 bxc6 12. Qa4 c5 13. Nd5 c6 14. Nf4 Rb8
15. Rad1 Rb4 16. Qxa7 Nxc4 17. Nd3 Rb5 18. Qa4 Nxe3 19. fxe3 Qb6 20. Qc2 c4 21.
Qxc4 Be6 22. Qc2 Bxa2 23. b4 Be6 24. Nf4 Qxe3+ 25. Kh1 Bb3 26. Qxc6 Bxd1 27.
Qxb5 Bb3 28. Qd3 Qxd3 29. Nxd3 Bc4 30. Rd1 Rb8 31. h3 h5 32. h4 Bd4 33. Kh2 Bxd3
34. Rxd3 Rxb4 35. Kh3 Be5 36. Bf3 Rb2 37. Re3 Rf2 38. Rb3 Kg7 39. Bg2 f6 40. Bf3
Kh6 41. Bd1 g5 42. hxg5+ fxg5 43. Rd3 g4+ 44. Bxg4 hxg4+ 45. Kxg4 Kg6 46. Ra3
Kf6 47. Ra6 Rc2 48. Kh4 Rc4 49. g4 Rxe4 50. Ra8 Re2 51. g5+ Kf5 52. Rf8+ Ke4 53.
g6 d5 54. Kg5 Rg2+ 55. Kh6 d4 0-1

[Event "London Classic Open 2016"]
[Site "London ENG"]
[Date "2016.12.16"]
[Round "9.41"]
[White "Klingher, Dominic"]
[Black "Paszewski, Mateusz"]
[Result "0-1"]
[WhiteElo "2126"]
[BlackElo "2281"]
[WhiteFideId "428850"]
[BlackFideId "1141058"]
[EventDate "2016.12.09"]

1. d4 Nf6 2. Nf3 e6 3. Bg5 d5 4. c4 Bb4+ 5. Nc3 O-O 6. e3 h6 7. Bh4 c5 8. Qc2
cxd4 9. Nxd4 Bxc3+ 10. Qxc3 g5 11. Bg3 Ne4 12. Qa3 Nd7 13. O-O-O dxc4 14. f3
Nxg3 15. hxg3 Qf6 16. Bxc4 Nb6 17. Bb3 Bd7 18. Rh2 Kg7 19. Rdh1 Rh8 20. Kb1 e5
21. Ne2 a5 22. g4 a4 23. Bc2 Nc4 24. Qd3 Be6 25. Ng3 Qd8 26. Nh5+ Kf8 27. Qc3
Qa5 28. Qxa5 Rxa5 29. Bd3 Nxe3 30. Re1 Nd5 31. g3 Nb4 32. Bf5 Bxa2+ 33. Ka1 Be6
34. Rd2 Ke7 35. Red1 Rd5 36. Rxd5 Nxd5 37. Re1 Kd6 38. Ng7 b5 39. Bd3 Nb4 40.
Bb1 Nc6 41. Ba2 Nd4 42. Rh1 Nxf3 43. Rf1 Nd4 44. Rf6 Ke7 45. Rf2 Rc8 46. Bxe6
Rc1+ 47. Ka2 fxe6 48. Ka3 Nc2+ 0-1

[Event "London Classic Open 2016"]
[Site "London ENG"]
[Date "2016.12.16"]
[Round "9.42"]
[White "Ronka, Erik"]
[Black "Wilks, Simon"]
[Result "1-0"]
[WhiteElo "2262"]
[BlackElo "1935"]
[WhiteFideId "505080"]
[BlackFideId "427357"]
[EventDate "2016.12.09"]

1. d4 Nf6 2. c4 c5 3. d5 e6 4. Nc3 exd5 5. cxd5 Bd6 6. e4 O-O 7. f4 Nxe4 8. Nxe4
Re8 9. Qe2 Bc7 10. g4 d6 11. Nh3 Ba5+ 12. Kd1 Na6 13. f5 Nb4 14. Nf4 Bd7 15. Qf3
Qe7 16. Bg2 c4 17. Bd2 b6 18. a4 h5 19. h3 Na6 20. Bxa5 bxa5 21. Qc3 Rab8 22. f6
Qe5 23. fxg7 Qxc3 24. bxc3 Kxg7 25. Nxh5+ Kg6 26. Nhf6 Re7 27. Nxd7 Rxd7 28. Kc2
Re8 29. Rhf1 Rde7 30. Nd2 Nc5 31. Bf3 Re3 32. Nxc4 Rd3 33. Rad1 Rxd1 34. Rxd1
Nxa4 35. Nxd6 Re3 36. Rd3 Re1 37. Ne4 Rf1 38. d6 Nb6 39. Nd2 Rf2 40. d7 Nxd7 41.
Rxd7 1-0

[Event "London Classic Open 2016"]
[Site "London ENG"]
[Date "2016.12.16"]
[Round "9.43"]
[White "Ethelontis, Alexandros N"]
[Black "Nandhidhaa, PV"]
[Result "0-1"]
[BlackTitle "WIM"]
[WhiteElo "2133"]
[BlackElo "2251"]
[WhiteFideId "405469"]
[BlackFideId "5050847"]
[EventDate "2016.12.09"]

1. c4 Nf6 2. Nf3 e6 3. g3 d5 4. d4 Be7 5. Bg2 O-O 6. O-O dxc4 7. Ne5 Nc6 8. Bxc6
bxc6 9. Nxc6 Qe8 10. Nxe7+ Qxe7 11. Qc2 c5 12. Qxc4 cxd4 13. Qxd4 e5 14. Qh4 Rb8
15. a3 Rd8 16. Nc3 Rd4 17. e4 h6 18. Be3 Rc4 19. Rab1 Be6 20. f3 a5 21. Rfd1 a4
22. Kh1 Rb7 23. g4 Rc8 24. Qf2 Bb3 25. Rd2 Rd7 26. g5 hxg5 27. Bxg5 Rxd2 28.
Qxd2 Rd8 29. Qf2 Rd3 30. Rg1 Qe6 31. Ne2 Bd1 32. Be3 Nh5 33. Nc3 Bb3 34. Qh4
Rxe3 35. Qxh5 Qf6 36. Rg3 Re1+ 37. Rg1 Re3 38. Rg3 g6 39. Qg4 Qa6 40. Kg2 Re1
41. Nb5 Qxb5 42. Qc8+ Kg7 0-1

[Event "London Classic Open 2016"]
[Site "London ENG"]
[Date "2016.12.16"]
[Round "9.44"]
[White "Czopor, Maciej"]
[Black "Rydstrom, Tom"]
[Result "0-1"]
[BlackTitle "FM"]
[WhiteElo "2035"]
[BlackElo "2239"]
[WhiteFideId "21805431"]
[BlackFideId "1714830"]
[EventDate "2016.12.09"]

1. e4 e5 2. Nf3 Nc6 3. Bb5 a6 4. Ba4 Nf6 5. O-O Bc5 6. d3 b5 7. Bb3 d6 8. c3 O-O
9. h3 h6 10. Nbd2 Bb6 11. Re1 Ne7 12. a4 Rb8 13. Nf1 Ng6 14. Ng3 Re8 15. d4 Bd7
16. Bc2 c5 17. Be3 c4 18. Qd2 Bc6 19. d5 Bd7 20. axb5 axb5 21. Ra2 Nh7 22. Rea1
Bxe3 23. Qxe3 Nf4 24. Ra7 Bc8 25. R1a5 b4 26. Nd2 bxc3 27. bxc3 Ng5 28. Nxc4 Qf6
29. Kh2 h5 30. Nd2 Qg6 31. Nf3 Rb2 32. Ra2 Rxa2 33. Rxa2 Qf6 34. Nxg5 Qxg5 35.
Qf3 Qh4 36. Ne2 Bg4 37. Qg3 Qf6 38. Nxf4 exf4 39. Qd3 Qh4 40. Kg1 Bd7 41. e5
Rxe5 42. Qh7+ Kf8 43. Qh8+ Ke7 44. Ra8 Re1+ 45. Kh2 Kf6 46. Qd8+ Re7 47. Kg1 f3
48. Ra7 Qg5 49. g4 hxg4 50. h4 Qc1+ 51. Kh2 g3+ 0-1

[Event "London Classic Open 2016"]
[Site "London ENG"]
[Date "2016.12.16"]
[Round "9.45"]
[White "Abrahams, Daniel"]
[Black "Stephan, Axel"]
[Result "1-0"]
[WhiteElo "2071"]
[BlackElo "2239"]
[WhiteFideId "2606879"]
[BlackFideId "4632834"]
[EventDate "2016.12.09"]

1. Nf3 Nf6 2. c4 g6 3. g3 Bg7 4. Bg2 O-O 5. O-O d5 6. cxd5 Nxd5 7. Nc3 c5 8.
Nxd5 Qxd5 9. d3 Nc6 10. Be3 Bxb2 11. Rb1 Bg7 12. Nd4 Qxa2 13. Nxc6 bxc6 14. Bxc5
Bg4 15. f3 Be6 16. d4 Rfd8 17. e3 Rd7 18. Rf2 Qa5 19. f4 Bd5 20. e4 Be6 21. f5
gxf5 22. exf5 Bd5 23. Qg4 f6 24. Rfb2 Rad8 25. Qe2 Bf8 26. Bxd5+ cxd5 27. Qe6+
Kg7 28. Rf2 Qc7 29. Rf4 Kh8 30. Rg4 Bg7 31. Re1 Rf8 32. Bxe7 Re8 33. Qf7 Rexe7
34. Qe8+ Rxe8 35. Rxe8+ Bf8 36. Rxf8# 1-0

[Event "London Classic Open 2016"]
[Site "London ENG"]
[Date "2016.12.16"]
[Round "9.46"]
[White "Lentzos, Ioanis"]
[Black "Hill, Alistair"]
[Result "0-1"]
[WhiteElo "2035"]
[BlackElo "2237"]
[WhiteFideId "4255470"]
[BlackFideId "432407"]
[EventDate "2016.12.09"]

1. d4 Nf6 2. Nf3 e6 3. e3 b6 4. Bd3 Bb7 5. O-O c5 6. c3 d5 7. Nbd2 Nbd7 8. Ne5
Nxe5 9. dxe5 Nd7 10. f4 Be7 11. Nf3 f5 12. exf6 Bxf6 13. Ng5 Qe7 14. Nxh7 O-O-O
15. a4 a5 16. Nxf6 gxf6 17. f5 e5 18. e4 c4 19. Be2 dxe4 20. Be3 Nc5 21. Bxc5
Qxc5+ 22. Kh1 Rxd1 23. Raxd1 e3 24. Rg1 Qf8 0-1

[Event "London Classic Open 2016"]
[Site "London ENG"]
[Date "2016.12.16"]
[Round "9.48"]
[White "Lochte, Thomas"]
[Black "Grafl, Florian"]
[Result "0-1"]
[BlackTitle "IM"]
[WhiteElo "2005"]
[BlackElo "2394"]
[WhiteFideId "4606272"]
[BlackFideId "4645715"]
[EventDate "2016.12.09"]

1. e4 a6 2. d4 b5 3. c4 Bb7 4. cxb5 Bxe4 5. Nc3 Bb7 6. Nf3 Nf6 7. Bg5 e6 8. a4
h6 9. Bh4 Bb4 10. Qb3 a5 11. Be2 g5 12. Bg3 d6 13. O-O Nbd7 14. Rfe1 Nb6 15. Bd3
O-O 16. Rad1 Re8 17. Bb1 Qe7 18. Qc2 Qf8 19. Ne5 Qg7 20. Nc6 Bxc6 21. bxc6 Bxc3
22. bxc3 Nbd5 23. Ba2 Ra6 24. Qd3 Rea8 25. Qc4 Ne7 26. Qd3 Rxc6 27. c4 Rca6 28.
d5 e5 29. Rb1 Nd7 30. f3 Nc5 31. Qd1 Qg6 32. Bf2 Nd3 33. Re3 Nxf2 34. Kxf2 Nf5
35. Reb3 Nd4 36. Rb8+ Kg7 37. Rxa8 Rxa8 38. Rb7 Qh5 39. h3 Qh4+ 40. Kg1 Nf5 41.
Bb1 Ne3 42. Qd3 Qe1+ 43. Kh2 f5 44. Rb2 Nf1+ 45. Kg1 Ng3+ 46. Kh2 h5 47. Bc2
Qh1+ 48. Kxg3 Qg1 49. Qxf5 h4+ 50. Kg4 Qxg2+ 0-1

[Event "London Classic Open 2016"]
[Site "London ENG"]
[Date "2016.12.16"]
[Round "9.49"]
[White "Smith, Andrew Philip"]
[Black "Zapolskis, Antanas"]
[Result "1-0"]
[WhiteTitle "FM"]
[BlackTitle "IM"]
[WhiteElo "2136"]
[BlackElo "2294"]
[WhiteFideId "2500833"]
[BlackFideId "12800210"]
[EventDate "2016.12.09"]

1. e4 c5 2. Nf3 Nc6 3. d4 cxd4 4. Nxd4 Nf6 5. Nc3 e5 6. Ndb5 d6 7. Bg5 a6 8. Na3
b5 9. Nd5 Be7 10. Bxf6 Bxf6 11. c3 O-O 12. Nc2 g6 13. a4 bxa4 14. Nxf6+ Qxf6 15.
Rxa4 a5 16. Ne3 Ne7 17. Bc4 Bd7 18. Ra2 a4 19. O-O Rab8 20. Qd3 Rb6 21. Rd1 Rfb8
22. Rd2 Kg7 23. Qe2 Qg5 24. Qf3 f5 25. exf5 gxf5 26. Qd1 Qf6 27. Nd5 Nxd5 28.
Bxd5 e4 29. Qe2 Qe5 30. Qh5 Rf8 31. Qg5+ Kh8 32. Ra1 Rb5 33. Rad1 Rb6 34. Ba2
Bc8 35. Qe3 Rb7 36. Rxd6 f4 37. Qd4 Qxd4 38. R6xd4 Rxb2 39. Rxa4 Bb7 40. Rb4
Rxb4 41. cxb4 e3 42. fxe3 fxe3 43. Bc4 Rc8 44. Rd4 Bd5 45. Be2 Rc1+ 46. Rd1
Rxd1+ 47. Bxd1 Bc4 48. Ba4 Kg7 49. b5 Kf6 50. b6 Bd5 51. Bd1 1-0

[Event "London Classic Open 2016"]
[Site "London ENG"]
[Date "2016.12.16"]
[Round "9.50"]
[White "Van der Elburg, Freddie"]
[Black "Cordes, Hans-Joerg"]
[Result "0-1"]
[BlackTitle "FM"]
[WhiteElo "2135"]
[BlackElo "2259"]
[WhiteFideId "1007904"]
[BlackFideId "4602234"]
[EventDate "2016.12.09"]

1. f4 Nf6 2. Nf3 g6 3. g3 Bg7 4. Bg2 O-O 5. O-O d5 6. d3 c6 7. Qe1 Nbd7 8. Nc3
b6 9. e4 e6 10. h3 Ne8 11. Be3 Nc7 12. d4 f5 13. exf5 exf5 14. Ne5 Nxe5 15. dxe5
Be6 16. a4 Qe7 17. Ne2 c5 18. c3 a5 19. Qf2 Rfd8 20. Rfd1 Bf8 21. Rd2 Rab8 22.
Bf3 Rd7 23. Qg2 Rbd8 24. Bf2 Qf7 25. Kh2 Be7 26. Qg1 Kh8 27. b4 cxb4 28. Bxb6
bxc3 29. Nxc3 Bb4 30. Qd4 Rc8 31. Rd3 Na8 32. Nb5 Rc4 33. Qf2 Nxb6 34. Qxb6 d4
35. Nxd4 Bc5 36. Qb8+ Qg8 0-1

[Event "London Classic Open 2016"]
[Site "London ENG"]
[Date "2016.12.16"]
[Round "9.51"]
[White "Gollain, Marc"]
[Black "Richardson, John R"]
[Result "0-1"]
[BlackTitle "FM"]
[WhiteElo "2122"]
[BlackElo "2248"]
[WhiteFideId "603546"]
[BlackFideId "401617"]
[EventDate "2016.12.09"]

1. c4 Nf6 2. g3 e6 3. Bg2 d5 4. Nf3 c5 5. O-O Nc6 6. b3 d4 7. e3 Bd6 8. exd4
cxd4 9. Re1 O-O 10. d3 e5 11. c5 Bc7 12. Na3 Nd5 13. Nc4 f6 14. a3 Be6 15. Bb2
Qd7 16. b4 Bh3 17. Bh1 Kh8 18. Nfd2 Nce7 19. Ne4 Rad8 20. Qb3 Be6 21. a4 Bg8 22.
Rac1 Qg4 23. b5 Nf4 24. Qd1 Qxd1 25. Rcxd1 Nxd3 26. Rxd3 Bxc4 27. Ra3 Ba5 28.
Rc1 Bd5 29. Rd3 f5 30. Ng5 h6 31. Nh3 Be4 32. Rdd1 g5 33. f4 gxf4 34. gxf4 Rg8+
35. Kf2 Bxh1 36. Rxh1 Bd2 37. Rcd1 Be3+ 38. Kf1 e4 39. Ng1 Kh7 40. Ne2 d3 41.
Ng3 Bxc5 42. Nh5 Nd5 0-1

[Event "London Classic Open 2016"]
[Site "London ENG"]
[Date "2016.12.16"]
[Round "9.52"]
[White "Boel, Marcel"]
[Black "Suder, Ryszard"]
[Result "1-0"]
[WhiteElo "2219"]
[BlackElo "2123"]
[WhiteFideId "1008870"]
[BlackFideId "1102699"]
[EventDate "2016.12.09"]

1. e4 d6 2. d4 Nf6 3. Nc3 g6 4. Nf3 Bg7 5. h3 O-O 6. Be3 c6 7. a4 Qa5 8. Qd2 e5
9. dxe5 dxe5 10. Bd3 Nbd7 11. O-O Qb4 12. a5 Re8 13. Ra4 Qe7 14. b4 Nf8 15. Ne2
Rd8 16. Qc3 Nh5 17. a6 b6 18. Qb3 Ne6 19. Re1 Nhf4 20. Nxf4 Nxf4 21. Bf1 g5 22.
g3 Ne6 23. c3 h6 24. Raa1 Nc7 25. Qc2 Be6 26. Red1 Nb5 27. Kh2 Nd6 28. c4 f5 29.
c5 bxc5 30. Qxc5 Qc7 31. Rac1 Nxe4 32. Rxd8+ Qxd8 33. Qxc6 Bd5 34. Bc4 Bxc4 35.
Qxc4+ Kh8 36. Qc7 Qd5 37. Qb7 Qd8 38. Rc7 Nd6 39. Qc6 Rc8 40. Rxc8 Nxc8 41. Nxe5
Bxe5 42. Qxh6+ Kg8 43. Qe6+ 1-0

[Event "London Classic Open 2016"]
[Site "London ENG"]
[Date "2016.12.16"]
[Round "9.53"]
[White "Willmoth, Robert F"]
[Black "Stewart, Ashley"]
[Result "0-1"]
[WhiteTitle "CM"]
[WhiteElo "2216"]
[BlackElo "2105"]
[WhiteFideId "402540"]
[BlackFideId "419001"]
[EventDate "2016.12.09"]

1. d4 Nf6 2. c4 g6 3. g3 Bg7 4. Nf3 O-O 5. Bg2 d6 6. O-O Nc6 7. Nc3 a6 8. b3 Rb8
9. Bb2 b5 10. d5 Na5 11. cxb5 axb5 12. Nd4 b4 13. Nb1 Bd7 14. Qd2 e6 15. a3 Nxd5
16. axb4 Nxb4 17. Rxa5 c5 18. Nxe6 Bxe6 19. Bxg7 Kxg7 20. Ra3 Qe7 21. Nc3 Rfd8
22. Ne4 Bf5 23. Qb2+ f6 24. Nc3 d5 25. Nxd5 Nxd5 26. e4 Nb6 27. exf5 Nc4 28. Qa2
Nxa3 29. Qxa3 Rd3 30. Rb1 Rd2 31. fxg6 hxg6 32. Rc1 Rb4 33. h4 Qd7 34. Rxc5 Qd4
35. Rc7+ Kh6 36. Qa8 Qxf2+ 37. Kh2 Rxh4+ 38. gxh4 Qf4+ 39. Kg1 Rd1+ 0-1

[Event "London Classic Open 2016"]
[Site "London ENG"]
[Date "2016.12.16"]
[Round "9.54"]
[White "Bukojemski, Adam"]
[Black "Stefanetti, Marco"]
[Result "1-0"]
[WhiteElo "2214"]
[BlackElo "2093"]
[WhiteFideId "1114620"]
[BlackFideId "815179"]
[EventDate "2016.12.09"]

1. e4 c6 2. d4 d5 3. Nc3 dxe4 4. Nxe4 Nd7 5. Nf3 Ngf6 6. Ng3 e6 7. Bd3 Be7 8.
Qe2 b6 9. c4 Bb4+ 10. Kf1 O-O 11. Ng5 e5 12. a3 Be7 13. Be3 exd4 14. Bxd4 Re8
15. Rd1 Qc7 16. Bxh7+ Nxh7 17. Nxh7 Kxh7 18. Qh5+ Kg8 19. Bxg7 Kxg7 20. Nf5+ Kf6
21. Qh6+ Kxf5 22. g4+ Ke5 23. f4+ Ke4 24. Qh7+ Kf3 25. Rd4 Bh4 26. Qd3+ 1-0

[Event "London Classic Open 2016"]
[Site "London ENG"]
[Date "2016.12.16"]
[Round "9.55"]
[White "Taylor, Adam C"]
[Black "Sucikova, Svetlana"]
[Result "1-0"]
[WhiteTitle "FM"]
[BlackTitle "WFM"]
[WhiteElo "2212"]
[BlackElo "2083"]
[WhiteFideId "424668"]
[BlackFideId "14923653"]
[EventDate "2016.12.09"]

1. Nf3 d5 2. g3 Nf6 3. Bg2 e6 4. O-O Be7 5. d3 O-O 6. Nbd2 b6 7. e4 dxe4 8. Ng5
Bb7 9. Ndxe4 Nxe4 10. Nxe4 Qc8 11. Qf3 Nc6 12. Qh5 Nd4 13. c3 Nf5 14. Bf4 h6 15.
d4 Nd6 16. Nxd6 Bxd6 17. Bxd6 cxd6 18. Bxb7 Qxb7 19. f4 Rae8 20. a4 a6 21. f5
exf5 22. Qxf5 Re2 23. Rf2 Rfe8 24. Raf1 Rxf2 25. Qxf2 Qd5 26. Qf5 Qxf5 27. Rxf5
Kf8 28. Kf2 Rc8 29. Rf3 Ke7 30. Ke2 Rc7 31. Kd3 d5 32. Re3+ Kd6 33. Re8 h5 34.
b4 Kc6 35. Ra8 Kb7 36. Rd8 Kc6 37. b5+ axb5 38. axb5+ Kxb5 39. Rxd5+ Kc6 40.
Rxh5 Re7 41. Rf5 Kd6 42. c4 Kc6 43. h4 Ra7 44. Ke4 Ra3 45. Rf3 Ra7 46. h5 Re7+
47. Kd3 Ra7 48. g4 Kd6 49. h6 gxh6 50. Rf6+ Kc7 51. Rxf7+ Kb8 52. Rxa7 Kxa7 53.
Ke4 1-0

[Event "London Classic Open 2016"]
[Site "London ENG"]
[Date "2016.12.16"]
[Round "9.56"]
[White "Czajkowski, Adam"]
[Black "Mitra, Roman C"]
[Result "0-1"]
[WhiteElo "2212"]
[BlackElo "2083"]
[WhiteFideId "1151932"]
[BlackFideId "419540"]
[EventDate "2016.12.09"]

1. e4 e6 2. Nc3 d5 3. Nf3 Nf6 4. e5 Nfd7 5. d4 c5 6. dxc5 Nc6 7. Bf4 Bxc5 8. Bd3
f6 9. exf6 Qxf6 10. Bg3 O-O 11. O-O a6 12. Qe2 Nd4 13. Nxd4 Bxd4 14. Rae1 Nc5
15. Nd1 Bxb2 16. Nxb2 Qxb2 17. Be5 Qb6 18. Bd4 Qc7 19. Bxc5 Qxc5 20. Qh5 h6 21.
Qg6 Rf6 22. Qh7+ Kf7 23. Re3 Bd7 24. Be2 Rg8 25. Rg3 Kf8 26. Bh5 Qd4 27. Rxg7
Rxg7 28. Qh8+ Rg8 0-1

[Event "London Classic Open 2016"]
[Site "London ENG"]
[Date "2016.12.16"]
[Round "9.57"]
[White "Prior, Stephen C V"]
[Black "Thuesen, Mogens"]
[Result "0-1"]
[WhiteElo "2043"]
[BlackElo "2212"]
[WhiteFideId "423378"]
[BlackFideId "1400878"]
[EventDate "2016.12.09"]

1. d4 f5 2. Bf4 Nf6 3. e3 g6 4. h4 Bg7 5. h5 d5 6. h6 Bf8 7. Nc3 e6 8. Nb5 Na6
9. Bd3 Bd7 10. Nc3 Nb4 11. Nf3 Ng4 12. Ne5 Nxe5 13. Bxe5 Rg8 14. Qe2 c5 15. dxc5
Bxc5 16. O-O-O Qe7 17. a3 Nc6 18. Bg7 O-O-O 19. b4 Bd6 20. Nb5 Bb8 21. c4 a6 22.
Nd4 Rxg7 23. Nxc6 Bxc6 24. hxg7 Qxg7 25. Qb2 Be5 26. Qc2 Kb8 27. c5 h5 28. f4
Bf6 29. a4 Qd7 30. b5 axb5 31. axb5 Bxb5 32. Qb1 Ba4 33. Rd2 Rc8 34. Ra2 Rxc5+
35. Kd2 Qc6 36. Rc1 Bc3+ 37. Rxc3 Rxc3 38. Qb4 Rb3 39. Qf8+ Ka7 40. Ke2 d4 41.
Rxa4+ Qxa4 42. Qc5+ Rb6 43. exd4 Qb4 44. Qe5 Rd6 45. Ke3 Rd5 46. Qg7 e5 47. dxe5
Qd4+ 48. Kf3 Qxd3+ 49. Kf2 Qd2+ 0-1

[Event "London Classic Open 2016"]
[Site "London ENG"]
[Date "2016.12.16"]
[Round "9.58"]
[White "Haessel, Dale R."]
[Black "Waddington, Mike P"]
[Result "1-0"]
[WhiteTitle "FM"]
[BlackTitle "FM"]
[WhiteElo "2208"]
[BlackElo "2078"]
[WhiteFideId "2012618"]
[BlackFideId "410497"]
[EventDate "2016.12.09"]

1. d4 f5 2. c4 Nf6 3. g3 e6 4. Bg2 d5 5. Nh3 c6 6. Qc2 Bd6 7. O-O O-O 8. Bf4 Nh5
9. Bxd6 Qxd6 10. Nd2 Bd7 11. Nf3 Be8 12. e3 Nd7 13. Nf4 Nxf4 14. gxf4 Bh5 15.
Ne5 Nf6 16. Rab1 a5 17. b4 axb4 18. c5 Qe7 19. Rxb4 Ra7 20. Rfb1 Rc8 21. R1b2
Ng4 22. Nd3 Nf6 23. Qb1 Rc7 24. h3 Ne4 25. Ne5 h6 26. f3 Nf6 27. a4 Be8 28. Bf1
Nh5 29. Qe1 Kh8 30. Kh2 Kg8 31. h4 Qd8 32. Kh3 Qa8 33. Ra2 Ra5 34. Bd3 Re7 35.
Bc2 Rc7 36. Rab2 Ra7 37. Qb1 Qc8 38. Rb6 Kf8 39. R6b4 Kg8 40. Bd3 Kf8 41. Ba6
bxa6 42. Rb8 a5 43. Rxc8 Rxc8 44. Rb7 Raa8 45. Qb6 Nf6 46. Kg3 Nh5+ 47. Kf2 Nf6
48. Ke1 Nh5 49. Kd2 Nf6 50. Kc3 Nh5 51. Qb1 Kg8 52. Qd3 Kf8 53. Qc2 Rd8 54. Qb1
Rdc8 55. Qg1 Kg8 56. Qb1 Kf8 57. Qb6 Nf6 58. Kb3 Kg8 59. Ka2 Kf8 60. Ra7 Rab8
61. Qxa5 Nh5 62. Qe1 Rd8 63. Ka3 Rdc8 64. Qg1 Rd8 65. Rc7 Ra8 66. Qe1 Ra6 67.
Qb4 Rda8 68. Nd7+ Bxd7 69. Rxd7 Nf6 70. Rb7 Ne8 71. Rb6 Ra5 72. Rxc6 Ke7 73. Kb3
Kd7 74. Qb7+ Kd8 75. Rxe6 R5a6 76. Qxd5+ 1-0

[Event "London Classic Open 2016"]
[Site "London ENG"]
[Date "2016.12.16"]
[Round "9.59"]
[White "Lechner, Marcus"]
[Black "Gurevich, Artjom"]
[Result "1/2-1/2"]
[WhiteElo "2000"]
[BlackElo "2207"]
[WhiteFideId "1629034"]
[BlackFideId "2603870"]
[EventDate "2016.12.09"]

1. e4 d5 2. e5 c5 3. f4 Nc6 4. Nf3 Bg4 5. h3 Bxf3 6. Qxf3 e6 7. c3 h5 8. Na3 h4
9. Bd3 g6 10. Nc2 Nge7 11. Ne3 Nf5 12. Ng4 Be7 13. O-O Qc7 14. a4 O-O-O 15. Bc2
Kb8 16. d3 Qb6 17. Kh2 Na5 18. b3 Nxb3 19. Rb1 c4 20. Qd1 Qa6 21. Bxb3 cxb3 22.
Rxb3 Rc8 23. Bb2 Qc6 24. Rb5 a6 25. Rb3 Ka8 26. Qa1 g5 27. Bc1 Rhg8 28. Bd2 gxf4
29. Bxf4 Bc5 30. Qb1 Rg7 31. a5 Rcg8 32. d4 Be7 33. Rf3 Rb8 34. Rb6 Qa4 35. Nf6
Bd8 36. Rb4 Qc6 37. Qe1 Rg6 38. Rf2 Bxf6 39. exf6 Rd8 40. Rb6 Qc4 41. Qb1 Qc8
42. Rfb2 Rdg8 43. g4 hxg3+ 44. Kg1 Nh4 45. Rxb7 Nf3+ 46. Kg2 Nh4+ 47. Kg1 1/2-1/2

[Event "London Classic Open 2016"]
[Site "London ENG"]
[Date "2016.12.16"]
[Round "9.60"]
[White "Moravec, Vit"]
[Black "Dushyant, Sharma"]
[Result "1-0"]
[WhiteElo "2205"]
[BlackElo "2066"]
[WhiteFideId "331481"]
[BlackFideId "25065130"]
[EventDate "2016.12.09"]

1. e4 e5 2. f4 exf4 3. Nf3 Nf6 4. e5 Nh5 5. Be2 d6 6. O-O Nc6 7. d4 g6 8. exd6
cxd6 9. Nc3 Bg7 10. Nd5 g5 11. c3 Nf6 12. Nxg5 Nxd5 13. Nxf7 Qf6 14. Nxh8 Be6
15. Bh5+ Kd7 16. Nf7 Bxf7 17. Bxf7 Qxf7 18. Qg4+ Kc7 19. Bxf4 Qg8 20. Qg3 Rd8
21. Rae1 h6 22. Kh1 Nde7 23. Re2 Qh7 24. Re6 Nc8 25. Qg6 Qxg6 26. Rxg6 Bf8 27.
Bxh6 Bxh6 28. Rxh6 Re8 29. Rhf6 d5 30. Rf7+ Kb8 31. h4 Re2 32. R1f2 Re1+ 33. Kh2
a5 34. h5 Nd6 35. Rf8+ Ka7 36. h6 Re7 37. g4 Ne4 38. R2f7 Re6 39. h7 Rh6+ 40.
Kg2 Ng5 41. Rg7 Nxh7 42. Rh8 Re6 43. Rgxh7 Rg6 44. Kg3 Kb6 45. Rh6 Rg7 46. a4
Re7 47. g5 Re1 48. Kg4 Rg1+ 49. Kf5 Rf1+ 50. Ke6 Ka7 51. R6h7 Rg1 52. Kf6 Rf1+
53. Kg6 Rf2 54. Rc8 Ka6 55. Rxc6+ bxc6 56. Kh6 Rxb2 57. g6 Rh2+ 58. Kg7 Rg2 59.
Rh6 c5 60. Kh7 1-0

[Event "London Classic Open 2016"]
[Site "London ENG"]
[Date "2016.12.16"]
[Round "9.61"]
[White "Haribalu, V."]
[Black "Jamroz, Krzysztof"]
[Result "1-0"]
[WhiteElo "2201"]
[BlackElo "2045"]
[WhiteFideId "5015189"]
[BlackFideId "1111850"]
[EventDate "2016.12.09"]

1. d4 Nf6 2. Nc3 d5 3. Bg5 Nbd7 4. f3 h6 5. Bh4 e6 6. e4 Be7 7. e5 Ng8 8. Bf2 a6
9. f4 c5 10. f5 Qb6 11. fxe6 Qxe6 12. Qf3 cxd4 13. Nxd5 Qxe5+ 14. Ne2 Ngf6 15.
Nxe7 Qxe7 16. Bxd4 O-O 17. O-O-O Qe4 18. Qf2 b5 19. Nc3 Qc6 20. Bd3 b4 21. Ne2
Bb7 22. Rhg1 a5 23. g4 Nh7 24. Bxg7 Kxg7 25. Bxh7 Kxh7 26. Qf5+ Qg6 27. Qxg6+
Kxg6 28. Rxd7 Ba6 29. Rd6+ Kg7 30. Nd4 Bc8 31. Nf5+ Bxf5 32. gxf5+ Kh7 33. Rd7 1-0